00946nam a2200205 a 450000100100000000500170001000800410002704000260006808200150009410000480010924501340015726001010029130000200039249000690041249000220048183000770050383000300058095201130061099900170072300004617620230201091804.0150702s1976 dr 000 0 spa d aDO-SdBNPbspacBNPHU. axxxxbxxxx1 aPrats-Ramírez de Pérez, Yvelisse92517710aEducación superior en la República Dominicana diagnostico, pronóstico y estrategia /cIvelisse Prats- Ramírez de Pérez. aSanto Domingo :bDepartamento de Publicaciones,bUniversidad Autónoma de Santo Domingo,c1976. a24 p. ;c21 cm.1 aPublicaciones de la Universidad Autónoma de Santo Domingov2141 aUASD críticav5 0aPublicaciones de la Universidad Autónoma de Santo Domingo.n214974219 0aUASD crítica.n5974220 0010718PDaPDbPDcCTd2015-07-02iLF1l0oxxxx xxxxp46176-10r2020-06-25w2020-06-25yLFPDZNo se presta c45665d45665